| 000 | 00337nam a2200097Ia 4500 | ||
|---|---|---|---|
| 008 | 220120s9999||||xx |||||||||||||| ||und|| | ||
| 100 |
_aNamitha Kaveramma and Pavithra, K.P _912659 |
||
| 245 | 0 | _aPerformance aptimization of big data in mobile networks | |
| 260 |
_aCoorg Institute of Technology _bPonnampet _c2017 |
||
| 650 | _aCOMPUTER SCIENCE | ||
| 999 |
_c138258 _d138258 |
||